[Event "Any Which Way To Go!!"]
[Site "SchemingMind.com"]
[Date "2006.11.02"]
[Round "-"]
[White "Quanah4"]
[Black "santiago200"]
[Result "1-0"]
[WhiteCountry "USA"]
[BlackCountry "BRA"]
[WhiteElo "1608"]
[WhiteRD "101"]
[BlackElo "1436"]
[BlackRD "135"]
[GameID "74129"]

1. d4 Nf6 2. e3 d5 3. c4 e6 4. Nf3 c6 5. a3 Nbd7 6. Nc3 dxc4 7. Bxc4 Be7 8. O-O b5 9. Be2 O-O 10. b4 a5
11. Bb2 Qc7 12. Rc1 axb4 13. axb4 Bxb4 14. Nxb5 Qb6 15. Nc3 Bxc3 16. Bxc3 Bb7 17. Rb1 Qc7 18. Re1 Ra7 19. Bd3 c5 20. dxc5 Nxc5
21. Bxf6 gxf6 22. Qc2 Nxd3 23. Qxc7
1-0

[Event "Any Which Way To Go!!"]
[Site "SchemingMind.com"]
[Date "2006.11.02"]
[Round "-"]
[White "vorpalcrush"]
[Black "santiago200"]
[Result "0-1"]
[WhiteCountry "AUS"]
[BlackCountry "BRA"]
[WhiteElo "1372"]
[WhiteRD "97"]
[BlackElo "1625"]
[BlackRD "115"]
[GameID "74130"]

1. Nf3 Nf6 2. d4 d5 3. c4 e6 4. Nc3 c6 5. e3 Be7 6. Bd3 dxc4 7. Bxc4 b5 8. Bd3 Bb7 9. O-O O-O 10. Bd2 Nbd7
11. h3 a6 12. Ne1 c5 13. dxc5 Nxc5 14. Be2 Nfe4 15. Nxe4 Nxe4 16. Nf3 Nxd2 17. Nxd2 Qb6 18. e4 Rfd8 19. Kh1 Bb4 20. Nc4 bxc4
21. Qa4 Rd4 22. Rfd1 Rad8 23. b3 Bxe4 24. bxc4 Bc5 25. Rxd4 Bxd4 26. Rd1 e5 27. f3 Bc6 28. Qc2 g6 29. c5 Bxc5 30. Rxd8+ Qxd8
31. Qxc5 Qd5 32. Qxd5 Bxd5 33. Bd3 Kf8 34. a3 a5 35. Kh2 a4 36. Bb5 Bb3 37. Kg3 Ke7 38. f4 e4 39. Bc6 f5 40. Kf2 Kd6
41. Bb5 Kc5 42. Be8 Kd4 43. Bf7 Bxf7
0-1

[Event "Any Which Way To Go!!"]
[Site "SchemingMind.com"]
[Date "2006.11.02"]
[Round "-"]
[White "smurilo"]
[Black "santiago200"]
[Result "1-0"]
[WhiteCountry "BRA"]
[BlackCountry "BRA"]
[WhiteElo "2056"]
[WhiteRD "113"]
[BlackElo "1436"]
[BlackRD "135"]
[GameID "74131"]

1. c4 Nf6 2. Nc3 e5 3. Nf3 d6 4. d4 Nbd7 5. e4 g6 6. Be2 Bg7 7. O-O O-O 8. Be3 Ng4 9. Bg5 f6 10. Bd2 f5
11. Bg5 Bf6 12. Bxf6 Ngxf6 13. exf5 gxf5 14. dxe5 dxe5 15. Qd2 Rf7 16. Nxe5 Rg7 17. Rad1 Qe8 18. Nxd7 Bxd7 19. Bf3 Ne4 20. Nxe4 fxe4
21. Qd5+ Kh8 22. Qxe4 Qf8 23. Qxb7 Rb8 24. Qxa7 Rxb2 25. Qxc7 Qxf3 26. Qd8+
1-0

[Event "Any Which Way To Go!!"]
[Site "SchemingMind.com"]
[Date "2006.10.28"]
[Round "-"]
[White "nwhitelaw"]
[Black "santiago200"]
[Result "1-0"]
[WhiteCountry "GBR"]
[BlackCountry "BRA"]
[WhiteElo "1396"]
[WhiteRD "101"]
[BlackElo "1409"]
[BlackRD "186"]
[GameID "74132"]

1. e3 e5 2. Nf3 Nc6 3. d4 e4 4. Ne5 Nxe5 5. dxe5 f5 6. Bc4 Ne7 7. Nc3 c6 8. f4 exf3 9. Qxf3 d5 10. Bd3 Be6
11. O-O Qc7 12. Qh5+ g6 13. Qg5 O-O-O 14. Qf6
1-0